[Event "9. Malaga Open"]
[Site "Campillos ESP"]
[Date "2006.03.03"]
[Round "8.5"]
[White "Bellon Lopez, Juan Manuel"]
[Black "Romanishin, Oleg"]
[Result "0-1"]
[WhiteElo "2415"]
[BlackElo "2552"]
[PlyCount "51"]
[EventDate "2006.02.25"]
[EventType "swiss"]
[EventRounds "9"]
[EventCountry "ESP"]
[Source "lmi"]
[SourceDate "2006.03.05"]

1. d4 d5 2. Nf3 Nf6 3. c4 dxc4 4. e3 Bg4 5. Bxc4 e6 6. Nbd2 Nbd7 7. O-O Be7 8.
a3 a5 9. b3 O-O 10. Bb2 c5 11. h3 Bh5 12. g4 Bg6 13. Nh4 cxd4 14. Bxd4 Qb8 15.
Nxg6 hxg6 16. a4 Ne5 17. Bb5 Rd8 18. Nf3 Bd6 19. Rc1 Nd5 20. Qe2 Nxf3+ 21. Qxf3
Bh2+ 22. Kg2 Be5 23. Bxe5 Qxe5 24. Bc4 Rac8 25. Bxd5 Rxc1 26. Rxc1 0-1

[Event "9. Malaga Open"]
[Site "Campillos ESP"]
[Date "2006.03.03"]
[Round "8.6"]
[White "Ivanov, Jordan"]
[Black "Gonzales, Jayson"]
[Result "0-1"]
[WhiteElo "2348"]
[BlackElo "2452"]
[PlyCount "66"]
[EventDate "2006.02.25"]
[EventType "swiss"]
[EventRounds "9"]
[EventCountry "ESP"]
[Source "lmi"]
[SourceDate "2006.03.05"]

1. Nf3 d6 2. d4 Bg4 3. e4 Nf6 4. Nc3 c6 5. Be2 e6 6. Be3 Be7 7. O-O O-O 8. d5
cxd5 9. exd5 e5 10. Nd2 Bxe2 11. Qxe2 Nbd7 12. a4 a6 13. a5 Rc8 14. Ra3 Ne8 15.
Nc4 f5 16. f3 Qc7 17. Nb6 Nxb6 18. Bxb6 Qc4 19. Qf2 Qh4 20. g3 Qh5 21. Rb3 Rf7
22. Ra1 Nf6 23. Ra4 e4 24. Kg2 Qg6 25. Be3 exf3+ 26. Kxf3 Ng4 27. Qg1 Ne5+ 28.
Kg2 f4 29. Bf2 fxg3 30. hxg3 Qxc2 31. Rab4 Nd3 32. Nd1 Nxf2 33. Nxf2 Rcf8 0-1

[Event "9. Malaga Open"]
[Site "Campillos ESP"]
[Date "2006.03.03"]
[Round "8.7"]
[White "Garcia Fernandez, Carlos"]
[Black "Mariano, Nelson"]
[Result "1/2-1/2"]
[WhiteElo "2359"]
[BlackElo "2474"]
[PlyCount "59"]
[EventDate "2006.02.25"]
[EventType "swiss"]
[EventRounds "9"]
[EventCountry "ESP"]
[Source "lmi"]
[SourceDate "2006.03.05"]

1. e4 d5 2. exd5 Qxd5 3. Nf3 Nc6 4. Nc3 Qa5 5. Bb5 Bd7 6. O-O O-O-O 7. d4 a6 8.
Ba4 e6 9. a3 Qf5 10. Qe2 Nge7 11. b4 g5 12. b5 axb5 13. Nxb5 g4 14. Ne5 Nxe5
15. dxe5 Nc6 16. Qe3 Kb8 17. Bb2 b6 18. Nd6 Qg6 19. Rab1 Ne7 20. Bxd7 Rxd7 21.
Nb5 Bh6 22. Qe2 Rhd8 23. Qc4 Kb7 24. Bd4 Nd5 25. Rfe1 Bf8 26. g3 h5 27. Rb3 h4
28. gxh4 Be7 29. a4 Ra8 30. Reb1 1/2-1/2

[Event "9. Malaga Open"]
[Site "Campillos ESP"]
[Date "2006.03.03"]
[Round "8.8"]
[White "Colovic, Aleksandar"]
[Black "Gullaksen, Eirik"]
[Result "0-1"]
[WhiteElo "2459"]
[BlackElo "2380"]
[PlyCount "124"]
[EventDate "2006.02.25"]
[EventType "swiss"]
[EventRounds "9"]
[EventCountry "ESP"]
[Source "lmi"]
[SourceDate "2006.03.05"]

1. e4 c5 2. Nf3 Nc6 3. Bb5 g6 4. Bxc6 dxc6 5. d3 Bg7 6. h3 Nf6 7. Nc3 Nd7 8.
Be3 e5 9. Qd2 h6 10. O-O Qe7 11. a3 Nf8 12. b4 Ne6 13. bxc5 Nxc5 14. Ne2 Ne6
15. c3 c5 16. d4 cxd4 17. cxd4 exd4 18. Nexd4 Nxd4 19. Bxd4 O-O 20. Qe3 b6 21.
Bxg7 Kxg7 22. Nd4 Re8 23. Rfe1 Bb7 24. e5 Rad8 25. f4 Rd5 26. Kh2 Red8 27. f5
Qc5 28. f6+ Kh7 29. Nf3 Qxe3 30. Rxe3 Rd3 31. Rae1 Bxf3 32. gxf3 g5 33. Kg3 Kg6
34. h4 Rxe3 35. Rxe3 Kf5 36. hxg5 hxg5 37. Rc3 Rd7 38. Rc6 Rb7 39. Rc8 Kxe5 40.
Kg4 Kxf6 41. Rc6+ Kg7 42. Kxg5 Rd7 43. Rc3 Rd5+ 44. Kg4 Ra5 45. f4 Kg6 46. Rc6+
f6 47. Rc3 Ra4 48. Rd3 b5 49. Rd5 a6 50. Rd3 f5+ 51. Kf3 Kh5 52. Kg3 a5 53. Kf3
Kh4 54. Rc3 Rc4 55. Rb3 b4 56. axb4 axb4 57. Rb1 Rc3+ 58. Ke2 b3 59. Kd2 Rf3
60. Ke2 Kg3 61. Rc1 b2 62. Rb1 Rb3 0-1

[Event "9. Malaga Open"]
[Site "Campillos ESP"]
[Date "2006.03.03"]
[Round "8.9"]
[White "Hennigan, Michael"]
[Black "Vitor, Antonio"]
[Result "0-1"]
[WhiteElo "2400"]
[BlackElo "2354"]
[PlyCount "128"]
[EventDate "2006.02.25"]
[EventType "swiss"]
[EventRounds "9"]
[EventCountry "ESP"]
[Source "lmi"]
[SourceDate "2006.03.05"]

1. Nf3 g6 2. e4 Bg7 3. d4 d6 4. Nc3 a6 5. Bc4 e6 6. a4 Ne7 7. O-O h6 8. Bb3 b6
9. Ne2 Bb7 10. Ng3 Nd7 11. c3 Nf6 12. Re1 Qd7 13. Bd2 Nh7 14. Qc1 Nf8 15. h4
Nc6 16. Bc2 Qe7 17. b4 Nd7 18. Bd3 Nf6 19. Nh2 Nd7 20. h5 g5 21. Qd1 a5 22. b5
Na7 23. Be3 O-O-O 24. Rc1 Kb8 25. Qb3 Nc8 26. Rc2 Rhe8 27. Rec1 Qf8 28. f3 Ne7
29. Bf2 f5 30. Qxe6 fxe4 31. fxe4 Nd5 32. Qg4 Nf4 33. Qf3 d5 34. Re1 Nxd3 35.
Qxd3 dxe4 36. Nxe4 Rxe4 37. Rxe4 Nc5 38. dxc5 Rxd3 39. c6 Bc8 40. Rce2 Rd8 41.
Nf3 Qd6 42. Nd4 Bf8 43. c4 Qb4 44. g3 Bd6 45. Re8 Rxe8 46. Rxe8 Qxc4 47. Nf5
Qf7 48. Nxd6 cxd6 49. Rh8 Qg7 50. Re8 Kc7 51. Re4 Qa1+ 52. Kg2 Bh3+ 53. Kf3
Qd1+ 54. Ke3 Bf5 55. Rd4 Qxh5 56. g4 Qh3+ 57. Kd2 Qg2 58. Ke3 Bxg4 59. Rd2 Qf3+
60. Kd4 Bf5 61. Kc4 Be6+ 62. Kd4 Qb3 63. Re2 Qc4+ 64. Ke3 Qf4+ 0-1

[Event "9. Malaga Open"]
[Site "Campillos ESP"]
[Date "2006.03.03"]
[Round "8.10"]
[White "Roeder, Mathias"]
[Black "Rodriguez Lopez, Rafael"]
[Result "1/2-1/2"]
[WhiteElo "2400"]
[BlackElo "2267"]
[PlyCount "38"]
[EventDate "2006.02.25"]
[EventType "swiss"]
[EventRounds "9"]
[EventCountry "ESP"]
[Source "lmi"]
[SourceDate "2006.03.05"]

1. Nf3 d5 2. c4 c6 3. e3 Nf6 4. Nc3 e6 5. Qc2 Be7 6. b3 O-O 7. d4 Nbd7 8. Be2
b6 9. O-O Bb7 10. Rd1 Qc7 11. Bb2 Rac8 12. e4 dxe4 13. Nxe4 c5 14. Nxf6+ Nxf6
15. dxc5 Qxc5 16. Bd4 Qc7 17. Be5 Qc5 18. Bd4 Qc7 19. Be5 Qc5 1/2-1/2

[Event "9. Malaga Open"]
[Site "Campillos ESP"]
[Date "2006.03.03"]
[Round "8.11"]
[White "Alonso, Rene"]
[Black "Garcia Vasquez, Jhoel Christopher"]
[Result "1/2-1/2"]
[WhiteElo "2392"]
[BlackElo "2228"]
[PlyCount "25"]
[EventDate "2006.02.25"]
[EventType "swiss"]
[EventRounds "9"]
[EventCountry "ESP"]
[Source "lmi"]
[SourceDate "2006.03.05"]

1. Nf3 Nf6 2. g3 g6 3. Bg2 Bg7 4. O-O O-O 5. d4 d6 6. Nc3 Nbd7 7. e4 e5 8. h3
Re8 9. Re1 c6 10. a4 a5 11. Be3 Qc7 12. dxe5 dxe5 13. Nd2 1/2-1/2

[Event "9. Malaga Open"]
[Site "Campillos ESP"]
[Date "2006.03.03"]
[Round "8.12"]
[White "Gorbatow, Alexej"]
[Black "Aguettaz, Maxime"]
[Result "1-0"]
[WhiteElo "2381"]
[BlackElo "2338"]
[PlyCount "99"]
[EventDate "2006.02.25"]
[EventType "swiss"]
[EventRounds "9"]
[EventCountry "ESP"]
[Source "lmi"]
[SourceDate "2006.03.05"]

1. c4 Nf6 2. d4 g6 3. g3 Bg7 4. Bg2 O-O 5. Nf3 d6 6. O-O c6 7. Nc3 Qa5 8. e4
Bg4 9. h3 Bxf3 10. Qxf3 Nbd7 11. Qe2 e5 12. dxe5 dxe5 13. a3 Qc7 14. Be3 Rfd8
15. h4 Nf8 16. Bh3 Ne6 17. Bxe6 fxe6 18. c5 Rd4 19. Bxd4 exd4 20. Na4 e5 21. b4
Qd7 22. Nb2 Qh3 23. Qf3 Rf8 24. Nd3 Nh5 25. Qg2 Qg4 26. Rad1 a6 27. Kh2 Qe6 28.
f4 exf4 29. Nxf4 Nxf4 30. Rxf4 Rxf4 31. gxf4 Qb3 32. Rf1 Qxa3 33. h5 Qxb4 34.
hxg6 Qxc5 35. gxh7+ Kh8 36. e5 Qe7 37. Qh3 c5 38. Rf3 a5 39. Kg2 Qf7 40. Qc8+
Kxh7 41. Qxc5 Qg6+ 42. Kf2 Qh5 43. Qxd4 Qh2+ 44. Ke1 Qh1+ 45. Ke2 Qb1 46. Qd3+
Qxd3+ 47. Rxd3 Kg6 48. Rb3 Bh6 49. Kf2 Kf5 50. Rxb7 1-0

[Event "9. Malaga Open"]
[Site "Campillos ESP"]
[Date "2006.03.03"]
[Round "8.13"]
[White "Kovacevic, Slobodan"]
[Black "Sahl, Bjarke"]
[Result "1-0"]
[WhiteElo "2350"]
[BlackElo "2381"]
[PlyCount "119"]
[EventDate "2006.02.25"]
[EventType "swiss"]
[EventRounds "9"]
[EventCountry "ESP"]
[Source "lmi"]
[SourceDate "2006.03.05"]

1. d4 f5 2. Nf3 Nf6 3. h3 e6 4. Bf4 b6 5. e3 Bb7 6. Nbd2 Nc6 7. c3 Ne7 8. Bd3
Ng6 9. Bh2 Be7 10. Qc2 O-O 11. O-O a5 12. e4 fxe4 13. Nxe4 Nd5 14. Ned2 Ndf4
15. Bxf4 Rxf4 16. Ne5 Nf8 17. g3 Rf6 18. Ng4 Rf7 19. Ne5 Rf6 20. Ne4 Rh6 21.
Kh2 d6 22. Ng4 Rh5 23. Ne3 a4 24. Be2 Rha5 25. a3 c5 26. dxc5 bxc5 27. c4 Rb8
28. Nc3 Bc6 29. Rad1 Qb6 30. Rd2 Rd8 31. Rfd1 Raa8 32. Bf1 Qb7 33. Bg2 Bxg2 34.
Nxg2 Qc6 35. Re2 Re8 36. Nf4 Bf6 37. Qe4 Qd7 38. Nb5 d5 39. Qc2 Qc6 40. Rde1 d4
41. Nd3 Ng6 42. Re4 Nh8 43. Qe2 Rac8 44. Qh5 Nf7 45. h4 e5 46. f4 g6 47. Qe2
Nh6 48. fxe5 Be7 49. Nf4 Rb8 50. e6 Rb7 51. Kh3 Rf8 52. Re5 Nf5 53. Nd5 Bf6 54.
e7 Re8 55. Re6 Rbxe7 56. Nxf6+ Kf7 57. Rxe7+ Rxe7 58. Ne4 Ne3 59. Qf3+ Kg7 60.
Nbd6 1-0

[Event "9. Malaga Open"]
[Site "Campillos ESP"]
[Date "2006.03.03"]
[Round "8.14"]
[White "Fernandez Siles, Luis"]
[Black "Sanchez Aller, Fernando"]
[Result "0-1"]
[WhiteElo "2291"]
[BlackElo "2278"]
[PlyCount "92"]
[EventDate "2006.02.25"]
[EventType "swiss"]
[EventRounds "9"]
[EventCountry "ESP"]
[Source "lmi"]
[SourceDate "2006.03.05"]

1. e4 a6 2. d4 e6 3. Nf3 b5 4. Bd3 c5 5. c3 Bb7 6. O-O Nf6 7. Re1 Nc6 8. Nbd2
cxd4 9. cxd4 Rc8 10. a3 Qb6 11. Nb3 a5 12. d5 Nb8 13. Be3 Qd8 14. Bxb5 Nxe4 15.
dxe6 fxe6 16. Ne5 Nf6 17. Nd4 Bd5 18. Bg5 Rc7 19. Ng4 Kf7 20. Nxf6 gxf6 21.
Qh5+ Kg8 22. Bf4 e5 23. Qg4+ Kf7 24. Qh5+ Kg8 25. Qg4+ Kf7 26. Nf5 h5 27. Qh4
exf4 28. Rad1 Bb7 29. Qxf4 Rg8 30. Bc4+ d5 31. Be2 Rh8 32. Qh4 Kg6 33. Nd4 Re7
34. Rd3 Re5 35. Rg3+ Kf7 36. Nf3 Re4 37. Ng5+ fxg5 38. Bxh5+ Kg8 39. Rxg5+ Bg7
40. Rxe4 dxe4 41. Qg4 Qd7 42. Rf5 Bc8 43. Bg6 Rh6 44. h4 Rxg6 45. Qxg6 Qd5 46.
Qe8+ Kh7 0-1

[Event "9. Malaga Open"]
[Site "Campillos ESP"]
[Date "2006.03.03"]
[Round "8.15"]
[White "Diogo, Vasco"]
[Black "Saldaño, Horacio"]
[Result "0-1"]
[WhiteElo "2186"]
[BlackElo "2436"]
[PlyCount "70"]
[EventDate "2006.02.25"]
[EventType "swiss"]
[EventRounds "9"]
[EventCountry "ESP"]
[Source "lmi"]
[SourceDate "2006.03.05"]

1. e4 g6 2. d4 Bg7 3. Nc3 d6 4. Be3 a6 5. Nf3 Nf6 6. h3 O-O 7. Bd3 b5 8. O-O
Bb7 9. a3 Nbd7 10. Re1 c5 11. d5 e6 12. Bf4 e5 13. Bg5 h6 14. Be3 c4 15. Be2
Rc8 16. Qd2 Nc5 17. Bxc5 Rxc5 18. Nh2 Kh8 19. Bf3 Nh7 20. Ng4 f5 21. exf5 gxf5
22. Ne3 Ng5 23. Qd1 Bc8 24. Be2 Rg8 25. Kh1 e4 26. f4 exf3 27. Bxf3 Be5 28. Nf1
Rc7 29. Qe2 Rcg7 30. Ne3 Nxh3 31. gxh3 Qh4 32. Bg2 Rxg2 33. Qxg2 Rxg2 34. Nxg2
Qxh3+ 35. Kg1 Bd4+ 0-1

[Event "9. Malaga Open"]
[Site "Campillos ESP"]
[Date "2006.03.04"]
[Round "9.2"]
[White "Rotstein, Arkadij"]
[Black "Rivas Pastor, Manuel"]
[Result "0-1"]
[WhiteElo "2520"]
[BlackElo "2502"]
[PlyCount "53"]
[EventDate "2006.02.25"]
[EventType "swiss"]
[EventRounds "9"]
[EventCountry "ESP"]
[Source "lmi"]
[SourceDate "2006.03.05"]

1. c4 e5 2. g3 d6 3. Bg2 g6 4. d4 Bg7 5. dxe5 dxe5 6. Qxd8+ Kxd8 7. Nc3 c6 8.
b3 Nd7 9. Bb2 Kc7 10. Nf3 Ngf6 11. O-O Re8 12. Rad1 h6 13. Nd2 Bf8 14. h3 a6
15. Kh2 b6 16. f4 exf4 17. gxf4 Nh5 18. Nde4 f5 19. Ng3 Ndf6 20. Nxh5 Nxh5 21.
e4 Bd7 22. Rd4 fxe4 23. Nxe4 Bb4 24. Rfd1 Bf5 25. Ng3 Nxg3 26. Kxg3 Rad8 27.
Bf3 0-1

[Event "9. Malaga Open"]
[Site "Campillos ESP"]
[Date "2006.03.04"]
[Round "9.3"]
[White "Perez Candelario, Manuel"]
[Black "Tratar, Marko"]
[Result "1/2-1/2"]
[WhiteElo "2511"]
[BlackElo "2466"]
[PlyCount "28"]
[EventDate "2006.02.25"]
[EventType "swiss"]
[EventRounds "9"]
[EventCountry "ESP"]
[Source "lmi"]
[SourceDate "2006.03.05"]

1. e4 e6 2. d4 d5 3. Nd2 dxe4 4. Nxe4 Nd7 5. Nf3 Ngf6 6. Nxf6+ Nxf6 7. c3 Be7
8. g3 b6 9. Bg2 Bb7 10. O-O O-O 11. Qe2 c5 12. dxc5 Bxc5 13. Bg5 Qc7 14. Rad1
Rfd8 1/2-1/2

[Event "9. Malaga Open"]
[Site "Campillos ESP"]
[Date "2006.03.04"]
[Round "9.4"]
[White "Matamoros Franco, Carlos"]
[Black "Khamrakulov, Ibragim"]
[Result "1/2-1/2"]
[WhiteElo "2510"]
[BlackElo "2499"]
[PlyCount "38"]
[EventDate "2006.02.25"]
[EventType "swiss"]
[EventRounds "9"]
[EventCountry "ESP"]
[Source "lmi"]
[SourceDate "2006.03.05"]

1. Nf3 Nf6 2. c4 g6 3. Nc3 d5 4. cxd5 Nxd5 5. d4 Bg7 6. e4 Nxc3 7. bxc3 c5 8.
Be3 O-O 9. Be2 Nc6 10. O-O cxd4 11. cxd4 b6 12. d5 Na5 13. Rc1 Bg4 14. Nd4 Bxe2
15. Qxe2 Qd7 16. Qb5 Rfd8 17. Qxd7 Rxd7 18. Nc6 Nxc6 19. dxc6 Be5 1/2-1/2

[Event "9. Malaga Open"]
[Site "Campillos ESP"]
[Date "2006.03.04"]
[Round "9.5"]
[White "Gonzales, Jayson"]
[Black "Teran Alvarez, Ismael"]
[Result "1/2-1/2"]
[WhiteElo "2452"]
[BlackElo "2446"]
[PlyCount "38"]
[EventDate "2006.02.25"]
[EventType "swiss"]
[EventRounds "9"]
[EventCountry "ESP"]
[Source "lmi"]
[SourceDate "2006.03.05"]

1. d4 d5 2. Bf4 Nf6 3. e3 c5 4. c3 Nc6 5. Nd2 e6 6. Ngf3 Bd6 7. Bg3 Qe7 8. Ne5
Nd7 9. f4 O-O 10. Bd3 f6 11. Nxd7 Bxd7 12. O-O Rab8 13. Kh1 c4 14. Bc2 f5 15.
b3 b5 16. Nf3 a5 17. Bh4 Qe8 18. a4 Na7 19. axb5 Bxb5 1/2-1/2

[Event "9. Malaga Open"]
[Site "Campillos ESP"]
[Date "2006.03.04"]
[Round "9.6"]
[White "Vitor, Antonio"]
[Black "Gorbatow, Alexej"]
[Result "1-0"]
[WhiteElo "2354"]
[BlackElo "2381"]
[PlyCount "71"]
[EventDate "2006.02.25"]
[EventType "swiss"]
[EventRounds "9"]
[EventCountry "ESP"]
[Source "lmi"]
[SourceDate "2006.03.05"]

1. g3 e5 2. d4 exd4 3. Qxd4 Nc6 4. Qd1 g6 5. Bg2 Bg7 6. Nc3 d6 7. Nd5 Bf5 8.
Nf3 Qd7 9. Bd2 O-O-O 10. Bc3 Ne5 11. Ne3 Nxf3+ 12. Bxf3 Bxc3+ 13. bxc3 Ne7 14.
Rb1 b6 15. a4 Be6 16. a5 d5 17. Qd3 Qd6 18. O-O Kb8 19. Rfd1 f5 20. axb6 cxb6
21. c4 d4 22. c3 Nc6 23. Bxc6 Qxc6 24. cxd4 Bc8 25. d5 Qd6 26. Nc2 Bb7 27. Nd4
Rc8 28. Ra1 Qc5 29. Ra4 Rhe8 30. Ne6 Qd6 31. Qd4 a6 32. Raa1 Qb4 33. Rdc1 b5
34. Qe5+ Ka8 35. c5 Qe4 36. Qd6 1-0

[Event "9. Malaga Open"]
[Site "Campillos ESP"]
[Date "2006.03.04"]
[Round "9.7"]
[White "Gullaksen, Eirik"]
[Black "Kovacevic, Slobodan"]
[Result "1-0"]
[WhiteElo "2380"]
[BlackElo "2350"]
[PlyCount "131"]
[EventDate "2006.02.25"]
[EventType "swiss"]
[EventRounds "9"]
[EventCountry "ESP"]
[Source "lmi"]
[SourceDate "2006.03.05"]

1. e4 c5 2. Nf3 e6 3. d4 cxd4 4. Nxd4 a6 5. Bd3 Nf6 6. f4 d6 7. Qf3 g6 8. Nc3
Bg7 9. h3 Nbd7 10. Nde2 Qc7 11. Bd2 b5 12. a3 Bb7 13. g4 Nb6 14. f5 Nc4 15. g5
Nxe4 16. Bxe4 d5 17. f6 Bf8 18. Nxd5 exd5 19. Bxd5 Ne5 20. Qe4 Bxd5 21. Qxd5
Rd8 22. Qe4 Bd6 23. O-O-O O-O 24. Bb4 Bxb4 25. Qxb4 Nd3+ 26. Rxd3 Rxd3 27. Nf4
Rc8 28. c3 Rd6 29. Re1 Rcd8 30. h4 Qd7 31. Kb1 Rd1+ 32. Rxd1 Qxd1+ 33. Ka2 Qe1
34. Qa5 Qd2 35. Ne2 Qd5+ 36. Kb1 Re8 37. Nd4 Qd6 38. a4 bxa4 39. Qxa4 Re1+ 40.
Kc2 h5 41. Qc4 Qh2+ 42. Kb3 Qb8+ 43. Ka2 a5 44. Nc6 Qc7 45. Qd5 Re8 46. Nxa5
Qe5 47. Qxe5 Rxe5 48. b4 Re4 49. Nc6 Rxh4 50. b5 Re4 51. b6 Re8 52. b7 Kf8 53.
b8=Q Rxb8 54. Nxb8 h4 55. Nd7+ Ke8 56. Ne5 h3 57. Nf3 Kd7 58. c4 Ke6 59. Kb3
Kf5 60. c5 Kf4 61. c6 Kxf3 62. c7 h2 63. c8=Q Kg2 64. Qb7+ Kg1 65. Qa7+ Kg2 66.
Qxf7 1-0

[Event "9. Malaga Open"]
[Site "Campillos ESP"]
[Date "2006.03.04"]
[Round "9.8"]
[White "Mariano, Nelson"]
[Black "Ivanov, Jordan"]
[Result "1-0"]
[WhiteElo "2474"]
[BlackElo "2348"]
[PlyCount "49"]
[EventDate "2006.02.25"]
[EventType "swiss"]
[EventRounds "9"]
[EventCountry "ESP"]
[Source "lmi"]
[SourceDate "2006.03.05"]

1. e4 c5 2. Ne2 Nc6 3. Nbc3 Nf6 4. g3 d5 5. exd5 Nd4 6. Bg2 Bg4 7. O-O Nxd5 8.
f3 Bf5 9. d3 Nb4 10. Nxd4 cxd4 11. Ne4 Rc8 12. Rf2 e6 13. g4 Bxe4 14. fxe4 Bd6
15. e5 Bxe5 16. Bxb7 Rc5 17. a3 Nd5 18. c4 dxc3 19. d4 Nb6 20. Qf3 Qxd4 21. Be3
cxb2 22. Rd1 Qxd1+ 23. Qxd1 Rc1 24. Bxc1 b1=Q 25. Bc6+ 1-0

[Event "9. Malaga Open"]
[Site "Campillos ESP"]
[Date "2006.03.04"]
[Round "9.9"]
[White "Saldaño, Horacio"]
[Black "Madina, Martin"]
[Result "1-0"]
[WhiteElo "2436"]
[BlackElo "2262"]
[PlyCount "152"]
[EventDate "2006.02.25"]
[EventType "swiss"]
[EventRounds "9"]
[EventCountry "ESP"]
[Source "lmi"]
[SourceDate "2006.03.05"]

1. e4 c5 2. Nf3 e6 3. Nc3 a6 4. d4 cxd4 5. Nxd4 Ne7 6. Be2 Nbc6 7. O-O Nxd4 8.
Qxd4 Nc6 9. Qd3 Qc7 10. f4 Nb4 11. Qd1 Bc5+ 12. Kh1 O-O 13. a3 Nc6 14. Bd3 d6
15. Qf3 Bd4 16. f5 Bf6 17. Qg3 Qe7 18. Ne2 Ne5 19. Nf4 Kh8 20. Nh5 exf5 21.
exf5 Bd7 22. Bf4 Bc6 23. Rae1 Rg8 24. Re2 Rae8 25. b3 Qd8 26. Bxe5 Bxe5 27. Qg4
Bf6 28. Be4 Bxe4 29. Rxe4 Rxe4 30. Qxe4 d5 31. Qd3 Be5 32. Nf4 Bxf4 33. Rxf4
Qd6 34. Rf1 b5 35. h3 Rd8 36. a4 bxa4 37. bxa4 d4 38. Rd1 Qc6 39. a5 Re8 40.
Qxd4 Qxc2 41. f6 g6 42. Qd7 Qe2 43. Rb1 Kg8 44. Qc7 h6 45. Qf4 Qe3 46. Qf1 Qe2
47. Qxe2 Rxe2 48. Rb8+ Kh7 49. Rf8 g5 50. Rxf7+ Kg6 51. Ra7 Re6 52. f7 Kg7 53.
Kg1 Rf6 54. g3 Kf8 55. Kg2 Kg7 56. g4 Kf8 57. Kh2 Rc6 58. Kg3 Rf6 59. h4 gxh4+
60. Kxh4 Rg6 61. Kh3 Rf6 62. Kg3 Kg7 63. Kh4 Rg6 64. Kh3 Kf8 65. Kg3 h5 66. Kf4
hxg4 67. Kf5 Rc6 68. Kxg4 Rf6 69. Kg5 Rxf7 70. Rxa6 Kg7 71. Rg6+ Kh7 72. a6 Rf1
73. Rb6 Rg1+ 74. Kf5 Re1 75. a7 Re8 76. Rb7+ Kh6 1-0

[Event "9. Malaga Open"]
[Site "Campillos ESP"]
[Date "2006.03.04"]
[Round "9.10"]
[White "Sanchez Aller, Fernando"]
[Black "Bellon Lopez, Juan Manuel"]
[Result "1/2-1/2"]
[WhiteElo "2278"]
[BlackElo "2415"]
[PlyCount "90"]
[EventDate "2006.02.25"]
[EventType "swiss"]
[EventRounds "9"]
[EventCountry "ESP"]
[Source "lmi"]
[SourceDate "2006.03.05"]

1. e4 c5 2. Nf3 g6 3. d4 Bg7 4. dxc5 Qa5+ 5. c3 Qxc5 6. Na3 Nf6 7. Nb5 Ng4 8.
Nfd4 d5 9. Be2 e5 10. b4 Qb6 11. Bxg4 exd4 12. Nxd4 Nc6 13. O-O Nxd4 14. cxd4
Bxg4 15. Qxg4 Qxd4 16. Be3 Qxe4 17. Qxe4+ dxe4 18. Rac1 Be5 19. Rc5 f6 20. Rc4
f5 21. Rc5 Bd6 22. Rd5 Bc7 23. Rc1 Rd8 24. Rxd8+ Kxd8 25. Bxa7 b6 26. Rc6 Kd7
27. b5 Ra8 28. Bxb6 Bd6 29. Rc2 Rb8 30. Rc6 Ra8 31. Rc2 Ra4 32. g3 Rb4 33. a4
Rxa4 34. Rd2 Ke6 35. Be3 Rb4 36. b6 h5 37. h4 Rb3 38. Kg2 Rb5 39. Rc2 Kd7 40.
Rd2 Kc6 41. Rc2+ Kd7 42. Rd2 Kc6 43. Rc2+ Kd7 44. Rd2 Ke6 45. Rc2 Kd7 1/2-1/2

[Event "9. Malaga Open"]
[Site "Campillos ESP"]
[Date "2006.03.04"]
[Round "9.11"]
[White "Garcia Vasquez, Jhoel Christopher"]
[Black "Roeder, Mathias"]
[Result "1/2-1/2"]
[WhiteElo "2228"]
[BlackElo "2400"]
[PlyCount "72"]
[EventDate "2006.02.25"]
[EventType "swiss"]
[EventRounds "9"]
[EventCountry "ESP"]
[Source "lmi"]
[SourceDate "2006.03.05"]

1. e4 c5 2. Nf3 d6 3. d4 cxd4 4. Nxd4 Nf6 5. Nc3 a6 6. Bc4 e6 7. Bb3 b5 8. Be3
Bb7 9. Bxe6 fxe6 10. Nxe6 Qc8 11. Nd5 Kf7 12. Ng5+ Kg8 13. Nb6 Qg4 14. f3 Qxg2
15. Rg1 Qxh2 16. Nxa8 Bxa8 17. Qd3 h6 18. Ne6 Qe5 19. Qb3 d5 20. Nf4 Nbd7 21.
Ng6 Qe6 22. Nxh8 Kxh8 23. O-O-O Kh7 24. Bd4 Bd6 25. exd5 Qf5 26. Qc3 Bxd5 27.
Kb1 Be5 28. Bxe5 Nxe5 29. Qc7 Ned7 30. f4 Qe6 31. a3 Qf5 32. Qd6 Bf3 33. Rde1
Be4 34. Qe7 Bxc2+ 35. Kc1 Nh5 36. Rg2 Nc5 1/2-1/2

[Event "9. Malaga Open"]
[Site "Campillos ESP"]
[Date "2006.03.04"]
[Round "9.12"]
[White "Terron Elena, Francisco Miguel"]
[Black "Alonso Garcia, Rene"]
[Result "1/2-1/2"]
[WhiteElo "2230"]
[BlackElo "2392"]
[PlyCount "22"]
[EventDate "2006.02.25"]
[EventType "swiss"]
[EventRounds "9"]
[EventCountry "ESP"]
[Source "lmi"]
[SourceDate "2006.03.05"]

1. e4 c6 2. d4 d5 3. Nd2 dxe4 4. Nxe4 Nf6 5. Ng3 Nbd7 6. Nf3 e6 7. Bd3 c5 8.
O-O Be7 9. Re1 O-O 10. b3 b6 11. Bb2 Bb7 1/2-1/2

[Event "9. Malaga Open"]
[Site "Campillos ESP"]
[Date "2006.03.04"]
[Round "9.13"]
[White "Rodriguez Lopez, Rafael"]
[Black "Garcia Fernandez, Carlos"]
[Result "0-1"]
[WhiteElo "2267"]
[BlackElo "2359"]
[PlyCount "122"]
[EventDate "2006.02.25"]
[EventType "swiss"]
[EventRounds "9"]
[EventCountry "ESP"]
[Source "lmi"]
[SourceDate "2006.03.05"]

1. d4 d6 2. Nf3 Nd7 3. c4 c5 4. Nc3 cxd4 5. Nxd4 b6 6. e4 Bb7 7. Be2 Ngf6 8. f3
a6 9. Be3 e6 10. O-O Be7 11. a4 O-O 12. a5 Qc7 13. Nb3 Rfd8 14. axb6 Nxb6 15.
Na5 d5 16. Nxb7 Qxb7 17. cxd5 exd5 18. Qd4 Nfd7 19. exd5 Bc5 20. Qd2 Bxe3+ 21.
Qxe3 Nf6 22. Rfd1 Nbxd5 23. Nxd5 Nxd5 24. Qd4 Rd7 25. b4 Nf6 26. Qc5 Rd5 27.
Rxd5 Nxd5 28. Ra4 g6 29. Bd3 Nf4 30. Bf1 Ne6 31. Qe3 Nc7 32. Qe7 Re8 33. Qc5
Re1 34. Kf2 Re6 35. Ra2 Rc6 36. Qd4 Ne6 37. Qe4 Qb6+ 38. Kg3 Qb8+ 39. Kf2 Rd6
40. b5 Qb6+ 41. Kg3 axb5 42. Ra8+ Rd8 43. Rxd8+ Qxd8 44. Qe5 Qc7 45. Qxc7 Nxc7
46. Kf4 Kf8 47. Ke5 Ke7 48. f4 f6+ 49. Kd4 Kd6 50. g3 Ne6+ 51. Kc3 Kc5 52. Bd3
Nc7 53. h4 Nd5+ 54. Kd2 f5 55. h5 Nf6 56. hxg6 hxg6 57. Ke3 b4 58. Kf3 Kd4 59.
Bb1 b3 60. Kg2 Ne4 61. g4 fxg4 0-1

[Event "9. Malaga Open"]
[Site "Campillos ESP"]
[Date "2006.03.04"]
[Round "9.14"]
[White "Naranjo Moreno, Antonio"]
[Black "Garcia Martinez, Silvino"]
[Result "1/2-1/2"]
[WhiteElo "2132"]
[BlackElo "2333"]
[PlyCount "28"]
[EventDate "2006.02.25"]
[EventType "swiss"]
[EventRounds "9"]
[EventCountry "ESP"]
[Source "lmi"]
[SourceDate "2006.03.05"]

1. e4 e6 2. d4 d5 3. Nc3 Bb4 4. e5 c5 5. a3 Bxc3+ 6. bxc3 Ne7 7. Qg4 Qc7 8.
Qxg7 Rg8 9. Qxh7 cxd4 10. Ne2 dxc3 11. f4 Bd7 12. Qd3 Na6 13. Qxc3 Nc5 14. Nd4
a6 1/2-1/2

[Event "9. Malaga Open"]
[Site "Campillos ESP"]
[Date "2006.03.04"]
[Round "9.15"]
[White "Nava Baro, Enrique"]
[Black "Colovic, Aleksandar"]
[Result "0-1"]
[WhiteElo "2217"]
[BlackElo "2459"]
[PlyCount "82"]
[EventDate "2006.02.25"]
[EventType "swiss"]
[EventRounds "9"]
[EventCountry "ESP"]
[Source "lmi"]
[SourceDate "2006.03.05"]

1. d4 Nf6 2. c4 e6 3. Nc3 Bb4 4. Qc2 d5 5. cxd5 exd5 6. Bg5 c5 7. Nf3 Nc6 8. e3
c4 9. Ne5 h6 10. Nxc6 bxc6 11. Bxf6 Qxf6 12. Be2 O-O 13. O-O Bf5 14. Qc1 Rfd8
15. b3 cxb3 16. axb3 c5 17. Ra6 Qe7 18. Bf3 Qb7 19. Ra4 Rac8 20. Qa1 a5 21. Na2
Bd7 22. Nxb4 Bxa4 23. Nxd5 Bc6 24. e4 Bxd5 25. exd5 Qxb3 26. Rb1 Qd3 27. Rd1
Qa6 28. dxc5 Rxc5 29. h3 a4 30. Qa3 Qa5 31. Ra1 Rc3 32. Qe7 a3 33. Bh5 Rf8 34.
Bf3 a2 35. d6 Qa3 36. Qe5 Rc1+ 37. Kh2 Rxa1 38. Qxa1 Qxd6+ 39. g3 Qd2 40. Kg2
Rb8 41. Qe5 Qb2 0-1